Micro and Macro - Level Entrepreneurship <The> Experience of China's Internal and External Economic Policies

Guardado en:
Detalles Bibliográficos
Autor principal: Mészáros, Klára
Otros Autores: Wang, N.T
Formato: Libro
Lenguaje:inglés
Publicado: Budapest Hungarian Scientific Council for World Economy 1990
Edición:1. ed.
Etiquetas: Agregar Etiqueta
Sin Etiquetas, Sea el primero en etiquetar este registro!

MARC

LEADER 00000nam a2200000 4500
001 c032241
005 20221215114150.8
041 0 |a eng 
044 |a HU 
245 1 0 |a Micro and Macro - Level Entrepreneurship  |b <The> Experience of China's Internal and External Economic Policies  |c Klára Mészáros, N.T. Wang 
250 |a 1. ed. 
264 1 |a Budapest  |b Hungarian Scientific Council for World Economy  |c 1990 
300 |a 114 s. 
100 1 |a Mészáros, Klára 
700 1 |a Wang, N.T.